| 000 | 00350nam a22001577a 4500 | ||
|---|---|---|---|
| 003 | SGT | ||
| 020 | _a9789386827188 | ||
| 082 |
_a611 _bA20K |
||
| 100 | _aKHURANA, INDU | ||
| 245 | _aTB. OF ANATOMY & PHYSIOLOGY FOR NURSES | ||
| 250 | _a2ND | ||
| 260 |
_aINDIA _bCBS PUB. _c2020 |
||
| 300 | _a551 | ||
| 650 | _aHUMAN ANATOMY | ||
| 942 |
_2ddc _cBK _022 |
||
| 999 |
_c21916 _d21916 |
||